Indian Knowledge System: (Record no. 365866)

MARC details
000 -LEADER
fixed length control field 00509nam a22001817a 4500
005 - DATE AND TIME OF LATEST TRANSACTION
control field 20250402160448.0
008 - FIXED-LENGTH DATA ELEMENTS--GENERAL INFORMATION
fixed length control field 250402b |||||||| |||| 00| 0 eng d
020 ## - INTERNATIONAL STANDARD BOOK NUMBER
International Standard Book Number 9789348066268
041 ## - LANGUAGE CODE
Language code of text/sound track or separate title eng
082 ## - DEWEY DECIMAL CLASSIFICATION NUMBER
Classification number 001.954
Item number JAD B22485
100 ## - MAIN ENTRY--PERSONAL NAME
Author Jadhav A
245 ## - TITLE STATEMENT
Title Indian Knowledge System:
Remainder of title India a Synthesis of Traditions and Modernity
260 ## - PUBLICATION, DISTRIBUTION, ETC.
Place of publication, distribution, etc. Agra
Name of publisher, distributor, etc. Current Publications
Date of publication, distribution, etc. 2024
300 ## - PHYSICAL DESCRIPTION
Extent 632p
500 ## - GENERAL NOTE
Keywords Indian Knowledge System
700 ## - ADDED ENTRY--PERSONAL NAME
Personal name Sisodia S
942 ## - ADDED ENTRY ELEMENTS (KOHA)
Koha item type Books
Holdings
Withdrawn status Lost status Source of classification or shelving scheme Damaged status Not for loan Home library Current library Date acquired Vendor Net Price Bill number Total Checkouts Full call number Barcode Date last seen Date last checked out Discount Actual Price Bill Date Koha item type Original Barcode
    Dewey Decimal Classification     Smt. Hiraben Nanavati Institute of Management & Research for Women Smt. Hiraben Nanavati Institute of Management & Research for Women 20/01/2025 Forward Books 995.00 24325 1 001.954 JAD B22485 HIMR-BK-22485 14/05/2026 20/06/2025 27 726.35 18/01/2025 Books B22485